Loading...
Handbook of psychology in India
| Main Author: | |
|---|---|
| Format: | Printed Book |
| Language: | Undetermined |
| Subjects: |
| LEADER | 00424nam a2200109Ia 4500 | ||
|---|---|---|---|
| 008 | 190615s9999 xx 000 0 und d | ||
| 082 | |a 150.020 2 GIR/HAN | ||
| 100 | |a Girishwar Misra |9 158000 | ||
| 245 | |a Handbook of psychology in India | ||
| 650 | |a Psychology-handbook |9 158001 | ||
| 999 | |c 183618 |d 183614 | ||
| 952 | |0 0 |1 0 |4 0 |6 150_020000000000000_2_GIR_HAN |7 0 |9 182325 |a SPS |b SPS |d 2019-06-15 |l 0 |o 150.020 2 GIR/HAN |p SPS06141 |r 2019-06-15 |w 2019-06-15 |y BK | ||